000 00814nam a2200229 i 4500
001 171262
003 ES-MaACL
005 20250808062758.0
008 090507s1964 sp |||| | spa d
017 _aM 8061-1961
130 0 _aBiblia.
_pN.T.
_pEvangelios.
_lEspañol.
_9119305
245 1 0 _aBiblia comentada
_b: texto de la Nácar-Colunga.
_nV,
_pEvangelios /
_cpor Manuel de Tuya.
260 _aMadrid :
_bLa Editorial Católica,
_c1964.
300 _aVIII, 1329 p. ;
_c20 cm.
490 1 _aBiblioteca de autores cristianos ;
_v239
594 _aPrecede al tít. : Profesores de Salamanca.
594 _aEn la port. : II Evangelios.
700 0 _aTuya, Manuel de.
_9111788
830 0 0 _aBiblioteca de autores cristianos
_v239
_9178679
852 _aES-MaACL
_jJ-234
_9R.46092
999 _c171262
_d171262